000 01099nmc a2200361 a 4500
003 AR-BaBNM
005 20251128211559.0
008 134120s2003 ||||||||||||||000 | spa||
020 _a84-7432-911-6
040 _cAR-BaBNM
100 1 _aMnookin, Robert H.
245 1 0 _aResolver conflictos y alcanzar acuerdos
_bcómo plantear la negociación para generar beneficios
250 _a1ª ed.
260 _aBarcelona
_bGedisa
_c2003
300 0 _a415 p.
490 0 _aPrevención, administración, resolución de conflictos
500 0 _aContiene índice onomástico y de materias en p. 409
650 4 _aNEGOCIACION
650 4 _aCONFLICTO LABORAL
650 4 _aCOMUNICACION INTERPERSONAL
650 4 _aRELACIONES DE DEPENDENCIA
650 4 _aSOLUCION DE PROBLEMAS
650 4 _aEMPRESAS
650 4 _aRENDIMIENTO
650 4 _aETICA PROFESIONAL
650 4 _aADMINISTRACION DE EMPRESAS
700 1 _aPeppet, Scott R.
700 1 _aTulumello, Andrew S.
700 1 _aEscolà, Roc Filella
_etraductor
800 1 _aCalvo Soler, Raúl
942 _cBK
998 _cEugenia
999 _c20287
_d20287